Hamilton Lyrics Sort #1 - Alexander Hamilton - Statistics

General Stats
  • This quiz has been taken 92 times
  • The average score is 35 of 71
Answer Stats
Hint Answer % Correct
Line 1 How does a bastard, orphan, son of a whore
98%
Line 2 And a Scotsman, dropped in the middle of a forgotten
93%
Line 5 The ten-dollar Founding Father without a father
90%
Line 6 Got a lot farther by working a lot harder
88%
Line 4 Grow up to be a hero and a scholar?
88%
Line 3 Spot in the Caribbean by providence, impoverished, in squalor
88%
Line 8 By 14, they placed him in charge of a trading charter
79%
Line 7 By being a lot smarter, by being a self-starter
79%
Line 14 Our man saw his future drip, dripping down the drain
74%
Line 12 The brother was ready to beg, steal, borrow, or barter
74%
Line 13 Then a hurricane came, and devastation reigned
74%
Line 9 And every day while slaves were being slaughtered and carted
71%
Line 16 And he wrote his first refrain, a testament to his pain
71%
Line 10 Away across the waves, he struggled and kept his guard up
71%
Line 11 Inside, he was longing for something to be a part of
71%
Line 15 Put a pencil to his temple, connected it to his brain
71%
Line 18 Took up a collection just to send him to the mainland
69%
Line 17 Well, the word got around, they said "This kid is insane, man"
69%
Line 19 "Get your education, don't forget from whence you came, and
64%
Line 22 My name is Alexander Hamilton
64%
Line 20 The world's gonna know your name, what's your name, man?"
64%
Line 23 And there's a million things I haven't done
62%
Line 21 Alexander Hamilton [1]
60%
Line 26 Two years later, see Alex and his mother bedridden
60%
Line 25 When he was ten, his father split, full of it, debt-ridden
60%
Line 28 And Alex got better, but his mother went quick
57%
Line 31 A voice saying, "Alex, you gotta fend for yourself"
57%
Line 24 But just you wait, just you wait
57%
Line 27 Half-dead, sittin' in their own sick, the scent thick
57%
Line 32 He started retreatin' and readin' every treatise on the shelf
57%
Line 30 Left him with nothin' but ruined pride, something new inside
57%
Line 29 Moved in with a cousin, the cousin committed suicide
57%
Line 33 There would have been nothin' left to do
55%
Line 35 He woulda been dead or destitute
52%
Line 34 For someone less astute
50%
Line 40 Plannin' for the future, see him now as he stands (ooh)
50%
Line 39 Scammin' for every book he can get his hands on
50%
Line 37 Started workin' clerkin' for his late mother's landlord
50%
Line 38 Tradin' sugar cane and rum and all the things he can't afford
50%
Line 36 Without a cent of restitution
50%
Line 41 The bow of a ship headed for a new land
48%
Line 42 In New York, you can be a new man [1]
45%
Line 48 Alexander Hamilton (Alexander Hamilton)
31%
Line 46 In New York! (New York)
31%
Line 45 In New York, you can be a new man [2]
31%
Line 47 Just you wait
31%
Line 49 We are waiting in the wings for you (waiting in the wings for you)
31%
Line 50 You could never back down
31%
Line 51 You never learned to take your time!
31%
Line 62 America forgot him
29%
Line 66 Me? I loved him
29%
Line 68 There's a million things I haven't done
29%
Line 53 When America sings for you
29%
Line 54 Will they know what you overcame?
29%
Line 55 Will they know you rewrote the game?
29%
Line 67 And me? I'm the damn fool that shot him
26%
Line 59 Another immigrant
26%
Line 69 But just you wait!
26%
Line 60 Comin' up from the bottom (Just you wait)
26%
Line 61 His enemies destroyed his rep
26%
Line 65 Me? I trusted him
26%
Line 58 See if you can spot him (just you wait)
26%
Line 57 The ship is in the harbor now
26%
Line 56 The world will never be the same, oh
26%
Line 43 (In New York, you can be a new man) just you wait! [1]
24%
Line 71 Alexander Hamilton! [2]
21%
Line 44 (In New York, you can be a new man) just you wait! [2]
21%
Line 64 Me? I died for him
21%
Line 52 Oh, Alexander Hamilton (Alexander Hamilton)
21%
Line 63 We fought with him
21%
Line 70 What's your name, man?
21%
No matching quizzes found
Score Distribution
Percent of People with Each Score
Percentile by Number Answered
Your Score History
You have not taken this quiz